000 01046nam0a22002771 4500
001 rc\3137635
005 20250530082437.0
021 _aRU
_b[75-55340]
035 _a(NLR Aleph) 007317227
090 _a5871910
_c5871910
100 _a20120615d1975 |||y0rusy50 ca
101 0 _arus
102 _aRU
105 _aa z |||||
200 1 _aЛенивая Навага
_eПо мотивам нивх. нар. сказок
_e[Для дошкольного и мл. школьного возраста]
_f[Оформление засл. худож. РСФСР Д.А. Брюханов]
210 _aМагадан
_c[Кн. изд-во]
_d1975
215 _a15 с.
_cил.
_d27
608 _aСказки нивхские (д. л.)
_2psbo
700 1 _4070
_7ca
_8rus
_aТаксами
_bЧ. М.
_f1931-2014
_gЧунер Михайлович
_9254438
_3RU\NLR\AUTH\770254494
702 1 _aБрюханов
_bД.А.
_4440
801 0 _aRU
_bNLR
_gpsbo
801 1 _aRU
_bELAR
_2rusmarc
852 _aNLR
_j75-8/758
942 _cBOOK
980 _aNB